Cricket: Fastest to 100 ODI Wickets - Statistics

General Stats
  • This quiz has been taken 25 times
  • The average score is 12 of 20
Answer Stats
Country Year Innings Answer % Correct
AFG 2018 44 Rashid Khan
100%
IND 2019 57 Jasprit Bumrah
92%
AUS 2016 52 Mitchell Starc
83%
IND 2019 56 Mohammed Shami
83%
PAK 1993 59 Waqar Younis
83%
WI 1992 61 Sir Curtly Ambrose
71%
AUS 2003 55 Brett Lee
67%
IND 2020 58 Kuldeep Yadav
67%
AUS 1996 60 Shane Warne
67%
NZ 2017 56 Trent Boult
67%
SA 2013 59 Morne Morkel
63%
AUS 1983 60 Dennis Lillee
54%
BAN 2019 54 Mustafizur Rahman
54%
PAK 1997 53 Saqlain Mushtaq
54%
NZ 2007 54 Shane Bond
54%
PAK 2002 60 Shoaib Akhtar
54%
SA 2016 58 Imran Tahir
38%
IND 2006 59 Irfan Pathan
38%
AUS 2007 60 Nathan Bracken
33%
WI 1995 61 Ian Bishop
21%
No matching quizzes found
Score Distribution
Percent of People with Each Score
Percentile by Number Answered
Your Score History
You have not taken this quiz